header

Rebuilding urban places after disaster (Record no. 30865)

MARC details
000 -LEADER
fixed length control field 01633nam a2200397 a 4500
245 00 - TITLE STATEMENT
Title Rebuilding urban places after disaster
260 ## - PUBLICATION, DISTRIBUTION, ETC. (IMPRINT)
Place of publication Philadelphia :
Name of publisher University of Pennsylvania Press,
Year of publication c2006.
300 ## - PHYSICAL DESCRIPTION
Number of Pages xii, 375 p. :
Other physical details ill., maps.
490 1# - SERIES STATEMENT
Series statement The city in the twenty-first century
650 #0 - SUBJECT ADDED ENTRY--TOPICAL TERM
Topical Term Urban renewal
Topical Term City planning
Topical Term Hurricane Katrina, 2005.
700 1# - ADDED ENTRY--PERSONAL NAME
Personal name Birch, Eugenie Ladner.
Personal name Wachter, Susan M.
856 40 - ELECTRONIC LOCATION AND ACCESS
Uniform Resource Identifier http://site.ebrary.com/lib/rucke/Doc?id=10641583

No items available.

© 2026 Rongo University
Contact us: librarian | system librarian | Rongo university